Proceedings of the International Conference on Bioethics. (Record no. 8742)

MARC details
000 -LEADER
fixed length control field 00833nam a22002292 4500
001 - CONTROL NUMBER
control field 0000018981
005 - DATE AND TIME OF LATEST TRANSACTION
control field 20151217152142.0
008 - FIXED-LENGTH DATA ELEMENTS--GENERAL INFORMATION
fixed length control field 100824s xx 000 0 eng d
020 ## - INTERNATIONAL STANDARD BOOK NUMBER
International Standard Book Number 9966052135 :
040 ## - CATALOGING SOURCE
Original cataloging agency KABU
Transcribing agency KABU
111 2# - MAIN ENTRY--MEETING NAME
Meeting name or jurisdiction name as entry element International Conference on Bioethics
Location of meeting Egerton University, Kenya :
Date of meeting 2009 August, 12-14.
-- 0000178496
245 10 - TITLE STATEMENT
Title Proceedings of the International Conference on Bioethics.
250 ## - EDITION STATEMENT
Edition statement 1st ed.
260 ## - PUBLICATION, DISTRIBUTION, ETC. (IMPRINT)
Place of publication, distribution, etc. Egerton University :
Name of publisher, distributor, etc. UNESCO Regional Centre for Documentation and Research on Bioethics,
Date of publication, distribution, etc. 2010.
300 ## - PHYSICAL DESCRIPTION
Extent xiii, 164 p.
650 #0 - SUBJECT ADDED ENTRY--TOPICAL TERM
Topical term or geographic name as entry element Medical ethics.
-- 0000178497
650 #0 - SUBJECT ADDED ENTRY--TOPICAL TERM
Topical term or geographic name as entry element Bioethics.
-- 0000178498
852 1# - LOCATION
-- p500 KES
852 1# - LOCATION
-- p500 KES
908 ## - PUT COMMAND PARAMETER (RLIN)
Put command parameter 100824
950 ## - LOCAL HOLDINGS (RLIN)
-- 1
Holdings
Withdrawn status Lost status Source of classification or shelving scheme Not for loan Home library Current library Date acquired Total Checkouts Full call number Barcode Date last seen Date last checked out Price effective from Koha item type
    Library of Congress Classification   Kabarak, Main Campus Kabarak, Main Campus 17/12/2015 1 R724 .I58 2010 c. 2 24148 01/12/2021 15/11/2021 17/12/2015 General Collection
    Library of Congress Classification   Kabarak, Main Campus Kabarak, Main Campus 17/12/2015   R724 .I58 2010 c. 3 24149 17/12/2015   17/12/2015 General Collection
    Library of Congress Classification   Kabarak, Main Campus Kabarak, Main Campus 17/12/2015   R724 .I58 2010 c. 1 24147 17/12/2015   17/12/2015 Africana Collection
Designed with assistance from East African Informatics Ltd